|
000
|
00851nam0 2200265 450
|
|
001
|
1531
|
|
005
|
20081230165153.65
|
|
010
|
|
@a978-7-5019-6558-8@dCNY32.00
|
|
098
|
|
@a1531
|
|
100
|
|
@a20081230d2008 em y0chiy0120 ea
|
|
101
|
0
|
@achi
|
|
102
|
|
@aCN@b110000
|
|
105
|
|
@aa z 000yy
|
|
106
|
|
@ar
|
|
200
|
1
|
@a黄酒品鉴百问百答@Ahuang jiu pin jian bai wen bai da@f华文图景编著
|
|
210
|
|
@a北京@c中国轻工业出版社@d2008.09
|
|
215
|
|
@a156页@c图@d21cm
|
|
300
|
|
@a华文图景品酒馆
|
|
314
|
|
@a责任者取自版权页。
|
|
330
|
|
@a本书介绍了各种酒的起源、分类、发展历史、酿造工艺、性质特点、饮用方法、功能效用,以及选购方法、品鉴诀窍。
|
|
606
|
0
|
@a黄酒@Ahuang jiu@x基本知识@y中国
|
|
690
|
|
@aTS26@v4
|
|
711
|
02
|
@a华文图景@Ahua wen tu jing@4编著
|
|
801
|
0
|
@aCN@bCDNYKJZYXY@c20091010
|
|
905
|
|
@aCDNYKJZYXY@dTS26@e4
|
|
|
|
|
| |
| 黄酒品鉴百问百答/华文图景编著.-北京:中国轻工业出版社,2008.09 |
| 156页:图;21cm |
| 华文图景品酒馆 |
| |
| ISBN 978-7-5019-6558-8:CNY32.00 |
| 本书介绍了各种酒的起源、分类、发展历史、酿造工艺、性质特点、饮用方法、功能效用,以及选购方法、品鉴诀窍。 |
| ● |
正题名:黄酒品鉴百问百答
索取号:TS26/4
 
预约/预借
| 序号
|
登录号
|
条形码
|
馆藏地/架位号
|
状态
|
备注
|
|
1
|
253448
|
300253448
|
海科密-1楼/37架7列2层/
[索取号:TS26/4]
|
在馆
|
|
|
2
|
253449
|
300253449
|
海科密-1楼/37架7列2层/
[索取号:TS26/4]
|
在馆
|
|
|
3
|
253450
|
300253450
|
柳城-4楼/66架4列1层/
[索取号:TS26/4]
|
在馆
|
|
|
4
|
253451
|
300253451
|
柳城-4楼/66架4列1层/
[索取号:TS26/4]
|
在馆
|
|
|
5
|
253452
|
300253452
|
柳城-4楼/66架4列1层/
[索取号:TS26/4]
|
在馆
|
|
|
6
|
374253
|
300374253
|
海科密-1楼/37架7列2层/
[索取号:TS26/4]
|
在馆
|
|
|
7
|
374254
|
300374254
|
海科密-1楼/37架7列2层/
[索取号:TS26/4]
|
在馆
|
|
|
8
|
374255
|
300374255
|
海科密-1楼/37架7列2层/
[索取号:TS26/4]
|
在馆
|
|
|
9
|
374256
|
300374256
|
海科密-1楼/37架7列2层/
[索取号:TS26/4]
|
在馆
|
|
|
10
|
374257
|
300374257
|
海科密-1楼/37架7列2层/
[索取号:TS26/4]
|
在馆
|
|
|
11
|
374258
|
300374258
|
海科密-1楼/37架7列2层/
[索取号:TS26/4]
|
在馆
|
|
|
12
|
374259
|
300374259
|
海科密-1楼/37架7列2层/
[索取号:TS26/4]
|
在馆
|
|
|
13
|
374260
|
300374260
|
海科密-1楼/37架7列2层/
[索取号:TS26/4]
|
在馆
|
|
|
14
|
374261
|
300374261
|
海科密-1楼/37架7列2层/
[索取号:TS26/4]
|
在馆
|
|
|
15
|
374262
|
300374262
|
海科密-1楼/37架7列2层/
[索取号:TS26/4]
|
在馆
|
|